|
|
|
|
| LEADER |
01145nam a2200289 a 4500 |
| 001 |
4714031 |
| 008 |
100116s1983 enka b 001 0 eng d |
| 010 |
|
|
|a 83007552
|
| 020 |
|
|
|a 0521253225
|
| 020 |
|
|
|a 0521273110 (pbk.)
|
| 040 |
|
|
|a DLC
|c DLC
|d DLC
|d BD-DhAAL
|
| 082 |
0 |
0 |
|a 306/.01/5115
|2 19
|
| 100 |
1 |
|
|a Hage, Per,
|d 1935-
|
| 245 |
1 |
0 |
|a Structural models in anthropology /
|c Per Hage, Frank Harary.
|
| 260 |
|
|
|a Cambridge [Cambridgeshire] ;
|a New York :
|b Cambridge University Press,
|c 1983.
|
| 300 |
|
|
|a xiv, 201 p. :
|b ill. ;
|c 24 cm.
|
| 490 |
1 |
|
|a Cambridge studies in social anthropology ;
|v 46
|
| 504 |
|
|
|a Includes Bibliography: (p. 183-194) and index.
|
| 541 |
1 |
|
|e 00004198
|
| 650 |
|
0 |
|a Structural anthropology.
|
| 650 |
|
0 |
|a Graph theory.
|
| 650 |
|
0 |
|a Ethnology
|x Mathematics.
|
| 700 |
1 |
|
|a Harary, Frank.
|
| 830 |
0 |
|
|a Cambridge studies in social anthropology ;
|v no. 46.
|
| 852 |
4 |
|
|a Ayesha Abed Library
|j General Shelf.
|
| 999 |
|
|
|c 7029
|d 7029
|
| 952 |
|
|
|0 0
|1 0
|2 ddc
|4 0
|6 306_015115000000000_HAG_1983
|7 0
|9 7284
|a BRACUL
|b BRACUL
|c GEN
|d 2010-01-17
|g 0.00
|l 0
|o 306.015115 HAG
|p 3010004198
|r 2010-01-17
|t 1
|w 2010-01-17
|y BK
|z Not price in Register
|